Karl Barth (Record no. 11380)

MARC details
000 -LEADER
fixed length control field 00601nam a2200229 a 4500
001 - CONTROL NUMBER
control field 0001-1380
003 - CONTROL NUMBER IDENTIFIER
control field ELIB.Books
008 - FIXED-LENGTH DATA ELEMENTS--GENERAL INFORMATION
fixed length control field 160712 2010 eng
020 ## - INTERNATIONAL STANDARD BOOK NUMBER
International Standard Book Number 0943575559
035 ## - SYSTEM CONTROL NUMBER
System control number (ELIB.Books)0001-1535
092 ## - LOCALLY ASSIGNED DEWEY CALL NUMBER (OCLC)
Classification number 230 Mue
100 ## - MAIN ENTRY--PERSONAL NAME
Personal name Mueller, David L.
245 ## - TITLE STATEMENT
Title Karl Barth
Remainder of title Makers of the Modern Theological Mind
260 ## - PUBLICATION, DISTRIBUTION, ETC. (IMPRINT)
Place of publication, distribution, etc. Massachusetis, Peabody,
Name of publisher, distributor, etc. Hendrickson Publishers
Date of publication, distribution, etc. 1972
300 ## - PHYSICAL DESCRIPTION
Extent 172
Dimensions 22 Cm
650 ## - SUBJECT ADDED ENTRY--TOPICAL TERM
Topical term or geographic name as entry element Theology
856 ## - ELECTRONIC LOCATION AND ACCESS
Name of location of host KBTS Library
Uniform Resource Identifier <a href="KBTS: ELIB">KBTS: ELIB</a>
942 ## - ADDED ENTRY ELEMENTS (KOHA)
Source of classification or shelving scheme Dewey Decimal Classification
Koha item type Books
990 ## - EQUIVALENCES OR CROSS-REFERENCES [LOCAL, CANADA]
Link information for 9XX fields 1
998 ## - LOCAL CONTROL INFORMATION (RLIN)
Cataloger's initials, CIN (RLIN) bat
-- 2016-07-12
Holdings
Withdrawn status Lost status Source of classification or shelving scheme Damaged status Not for loan Home library Current library Date acquired Total Checkouts Barcode Date last seen Bill Date Koha item type
    Dewey Decimal Classification     Karen Baptist Theological Seminary Library Karen Baptist Theological Seminary Library 12/07/2016   15837 22/01/2022 22/01/2022 Books
Implemented & Customized by: BestBookBuddies

Powered by Koha